The Syntatic Stratergies in Communication Acts to Express Cultural Behavior /

保存先:
書誌詳細
第一著者: Huỳnh Đăng Dũng
フォーマット: 不明
言語:English
出版事項: 2002.
主題:
タグ: タグ追加
タグなし, このレコードへの初めてのタグを付けませんか!
Thư viện lưu trữ: Mạng thư viện Đại học Đà Nẵng
LEADER 01156na a2200313 4500
001 000030808
003 4590
005 20221114143541.0
008 151001s2002 000 eng
040 |a LNN 
041 |a ENG 
082 |a 420.3  |b HU-D 
100 |a Huỳnh Đăng Dũng 
245 4 |a The Syntatic Stratergies in Communication Acts to Express Cultural Behavior /  |c Huỳnh Đăng Dũng. 
260 |c 2002. 
300 |a 90tr. : mh ; 30cm. 
650 |a The Syntatic Stratergies in Communication Acts to Express Cultural Behavior,Acts, Cultural, Acts Cultural 
852 |b TTCNTT%HL  |c Luận văn Thạc sĩ 
OWN |a LNN 
AVA |a UDN50  |b LNN  |c English  |d 420.3 HU-D  |e available  |t Error 5001 Not defined in file expand_doc_bib_avail.  |f 1  |g 0  |h N  |i 0  |j AN  |k 1 
999 |a From the UDN01 
AVA |a UDN50  |b LNN  |c English  |d 420.3 HU-D  |e available  |t Error 5001 Not defined in file expand_doc_bib_avail.  |f 1  |g 0  |h N  |i 0  |j AN  |k 1 
TYP |a Printed language 
980 |a Mạng thư viện Đại học Đà Nẵng